[Event "Online Olym Div2 D 2021"]
[Site "chess.com INT"]
[Date "2021.09.02"]
[Round "1.1"]
[Board "1"]
[White "Rodriguez Vila, Andres"]
[Black "Tissir, Mohamed"]
[Result "1-0"]
[WhiteTitle "GM"]
[BlackTitle "IM"]
[WhiteElo "2484"]
[BlackElo "2375"]
[WhiteTeam "Uruguay"]
[BlackTeam "Morocco"]
[WhiteFideId "3000010"]
[BlackFideId "9000240"]
[EventDate "2021.09.02"]
[EventType "team"]

1. d4 e6 2. Nc3 c5 3. d5 exd5 4. Nxd5 Nf6 5. e4 Nxd5 6. exd5 d6 7. Bd3 Be7 8.
Ne2 O-O 9. O-O Nd7 10. c4 Ne5 11. Bc2 Bf6 12. f4 Ng6 13. Rb1 Re8 14. f5 Ne5 15.
b3 a6 16. a4 b5 17. axb5 axb5 18. cxb5 Bd7 19. Nc3 Qa5 20. Ne4 Bxb5 21. Nxf6+
gxf6 22. Bd2 Qa6 23. Rf4 Bd3 24. Rg4+ Kf8 25. Bh6+ Ke7 26. Rg3 Bxc2 27. Qxc2 Rg8
28. Bg7 Qa2 29. Qxa2 Rxa2 30. Bxf6+ Kxf6 31. Rxg8 Nd3 32. Rf1 Rd2 33. Rh8 Nb4
34. Rxh7 Nxd5 35. Rh3 Nb4 36. Rg3 Nc6 37. Rg8 Nd4 38. g4 Ra2 39. g5+ Ke5 40.
Re8+ Kd5 41. f6 Nxb3 42. g6 Nd2 43. gxf7 1-0

[Event "Online Olym Div2 D 2021"]
[Site "chess.com INT"]
[Date "2021.09.02"]
[Round "1.1"]
[Board "2"]
[White "Karim, Ismael"]
[Black "Diaz Hollemaert, Nahuel"]
[Result "0-1"]
[WhiteTitle "IM"]
[BlackTitle "IM"]
[WhiteElo "2351"]
[BlackElo "2441"]
[WhiteTeam "Morocco"]
[BlackTeam "Uruguay"]
[WhiteFideId "625736"]
[BlackFideId "104019"]
[EventDate "2021.09.02"]
[EventType "team"]

1. e4 g6 2. d4 d6 3. Nc3 a6 4. Bg5 h6 5. Bh4 b5 6. f4 Bg7 7. Nf3 Bg4 8. e5 g5 9.
h3 Bxf3 10. Qxf3 Nd7 11. fxg5 hxg5 12. e6 fxe6 13. Bd3 Nb6 14. Bxg5 Kd7 15.
O-O-O Qf8 16. Qb7 Bh6 17. Bxh6 Qxh6+ 18. Kb1 Nf6 19. Qf3 Rhf8 20. Qe2 Nh5 21.
Rhe1 Ng3 22. Qg4 Rg8 23. Qf3 d5 24. Be2 b4 25. Qd3 bxc3 26. Bg4 Ne4 27. Rxe4
dxe4 28. Qxe4 Rxg4 29. Qxg4 Nd5 30. Re1 Rb8 31. b3 Rf8 32. Qe2 Qe3 33. Qd1 Qd2
34. Rg1 Ne3 35. Qc1 Rf2 36. d5 exd5 37. g4 Nxc2 38. Qxd2 Na3+ 39. Kc1 Rxd2 0-1

[Event "Online Olym Div2 D 2021"]
[Site "chess.com INT"]
[Date "2021.09.02"]
[Round "1.1"]
[Board "3"]
[White "de Leon, Patricia"]
[Black "Lakehal, Safae"]
[Result "1-0"]
[WhiteTitle "WFM"]
[WhiteElo "2004"]
[BlackElo "1794"]
[WhiteTeam "Uruguay"]
[BlackTeam "Morocco"]
[WhiteFideId "3000273"]
[BlackFideId "9002570"]
[EventDate "2021.09.02"]
[EventType "team"]

1. d4 Nf6 2. c4 g6 3. Nc3 Bg7 4. e4 d6 5. f3 O-O 6. Be3 e5 7. d5 Nbd7 8. Qd2 Ne8
9. g4 Qh4+ 10. Bf2 Qe7 11. Bd3 Nc5 12. Bc2 Bf6 13. h4 Bg7 14. Be3 f5 15. gxf5
gxf5 16. O-O-O f4 17. Bf2 Nf6 18. Nh3 Nh5 19. Rdg1 Kh8 20. Qe1 Qf6 21. Nb5 Rf7
22. Ng5 Re7 23. Rg2 Bd7 24. Bxc5 dxc5 25. Nxc7 Ng3 26. Rhg1 Rg8 27. Nce6 Bxe6
28. Nxe6 b6 29. Qf2 Qxh4 30. Rh2 Qf6 31. Rh3 Bh6 32. Qh2 Rg6 33. Rd1 Rd7 34. Ba4
Rd6 35. Kb1 Qe7 36. Qd2 Bg7 37. Nxg7 Rxg7 38. Qh2 Rdg6 39. a3 Qd6 40. Bc6 a6 41.
Qc2 Rh6 42. Rxh6 Qxh6 43. Qb3 Qh2 44. d6 Ne2 45. d7 Qh4 46. d8=Q+ 1-0

[Event "Online Olym Div2 D 2021"]
[Site "chess.com INT"]
[Date "2021.09.02"]
[Round "1.1"]
[Board "4"]
[White "Zahid, Wassima"]
[Black "Quevedo, Andreina"]
[Result "0-1"]
[BlackTitle "WFM"]
[WhiteElo "1531"]
[BlackElo "1867"]
[WhiteTeam "Morocco"]
[BlackTeam "Uruguay"]
[WhiteFideId "9002677"]
[BlackFideId "3004147"]
[EventDate "2021.09.02"]
[EventType "team"]

1. e4 e5 2. Nf3 Nc6 3. d4 exd4 4. Nxd4 Bc5 5. Be3 Qf6 6. c3 Nge7 7. g3 O-O 8.
Bg2 d6 9. O-O Ne5 10. Nd2 c6 11. Nc2 Qg6 12. Bxc5 dxc5 13. Ne3 Rd8 14. Qc2 Qd6
15. Rad1 Qd3 16. Qxd3 Nxd3 17. b3 Nb2 18. Nec4 Nxd1 19. Rxd1 Be6 20. Bf3 Ng6 21.
Kf1 b5 22. Ne3 Ne5 23. Ke2 Rd7 24. Bg2 f6 25. f4 Bg4+ 26. Nxg4 Nxg4 27. h3 Nh6
28. Bf3 Rad8 29. Ke1 Rd3 30. c4 b4 31. Be2 Rxg3 32. Nf3 Rxd1+ 33. Kxd1 Rxh3 34.
Kd2 Nf7 35. e5 fxe5 36. fxe5 Kf8 37. e6 Nd6 38. Ne5 Ne4+ 39. Kd1 Nc3+ 40. Ke1
Re3 41. Kd2 Rxe2+ 42. Kc1 Rxe5 43. Kc2 Rxe6 44. Kd3 Nxa2 0-1

[Event "Online Olym Div2 D 2021"]
[Site "chess.com INT"]
[Date "2021.09.02"]
[Round "1.1"]
[Board "6"]
[White "Makhlouf, Ahlam"]
[Black "Roepke, Sofia"]
[Result "0-1"]
[WhiteTitle "WFM"]
[WhiteElo "1419"]
[BlackElo "1589"]
[WhiteTeam "Morocco"]
[BlackTeam "Uruguay"]
[WhiteFideId "9003380"]
[BlackFideId "3006360"]
[EventDate "2021.09.02"]
[EventType "team"]

1. e4 e5 2. Nf3 Nf6 3. Bc4 Nxe4 4. O-O d5 5. Bb3 Nc6 6. d3 Nc5 7. Re1 f6 8. Nxe5
fxe5 9. Qh5+ g6 10. Rxe5+ Nxe5 11. Qxe5+ Qe7 12. Bf4 Bg7 13. Qxe7+ Kxe7 14. Nc3
c6 15. Re1+ Kf7 16. Bd6 Nxb3 17. axb3 Bxc3 18. bxc3 Be6 19. d4 Rhe8 20. f4 Bf5
21. Be5 Bxc2 22. b4 a5 23. Re3 axb4 24. cxb4 Ra1+ 25. Kf2 Rb1 26. Rh3 Kg8 27. g4
Rxb4 28. g5 Rxe5 29. fxe5 Rxd4 30. Re3 Re4 31. e6 Rxe3 32. Kxe3 Kf8 33. Kd4 Ke7
34. Ke5 Bf5 0-1

[Event "Online Olym Div2 D 2021"]
[Site "chess.com INT"]
[Date "2021.09.02"]
[Round "1.2"]
[Board "1"]
[White "Skoberne, Jure"]
[Black "Fier, Alexandr"]
[Result "1/2-1/2"]
[WhiteTitle "GM"]
[BlackTitle "GM"]
[WhiteElo "2561"]
[BlackElo "2564"]
[WhiteTeam "Slovenia"]
[BlackTeam "Brazil"]
[WhiteFideId "14604299"]
[BlackFideId "2107139"]
[EventDate "2021.09.02"]
[EventType "team"]

1. d4 d5 2. Bf4 c5 3. e3 Nc6 4. c3 Bf5 5. Qb3 Qd7 6. Nf3 e6 7. Nbd2 c4 8. Qd1 h6
9. Ne5 Nxe5 10. Bxe5 Ne7 11. b3 cxb3 12. Nxb3 Nc6 13. Bg3 Be7 14. a4 O-O 15. Be2
Rfc8 16. O-O Bd6 17. Bxd6 Qxd6 18. Qd2 Rc7 19. Rfc1 Rac8 20. a5 Nb8 21. Qb2 Nd7
22. Nd2 Nf6 23. c4 dxc4 24. Rxc4 Ne4 25. Rac1 Nxd2 26. Qxd2 Rxc4 27. Rxc4 Rxc4
28. Bxc4 Qc6 29. Bf1 Qc2 30. Qxc2 Bxc2 31. f3 Kf8 32. Kf2 Ke7 33. Ke1 Kd6 34.
Kd2 Ba4 35. Kc3 e5 36. Bd3 Bc6 37. dxe5+ Kxe5 38. f4+ Kd6 39. g3 Kc5 40. h4 b5
41. axb6 axb6 42. g4 f6 43. g5 fxg5 44. fxg5 hxg5 45. hxg5 b5 46. Be2 b4+ 47.
Kb2 Be4 48. Ba6 Bf5 49. Be2 Be6 50. Bd3 Kd6 51. Bc2 Ke5 52. Bd3 Bd5 53. Bc2 Be6
54. Bd3 Bf5 55. Bb5 Ke4 56. Kb3 Kxe3 57. Kxb4 Kf4 58. Kc3 Kxg5 59. Kd2 Kf4 60.
Ke2 Kg3 61. Kf1 Bd3+ 62. Bxd3 g6 63. Bxg6 1/2-1/2

[Event "Online Olym Div2 D 2021"]
[Site "chess.com INT"]
[Date "2021.09.02"]
[Round "1.2"]
[Board "2"]
[White "El Debs, Felipe de Cresce"]
[Black "Markoja, Boris"]
[Result "1/2-1/2"]
[WhiteTitle "GM"]
[BlackTitle "IM"]
[WhiteElo "2553"]
[BlackElo "2453"]
[WhiteTeam "Brazil"]
[BlackTeam "Slovenia"]
[WhiteFideId "2106981"]
[BlackFideId "14608502"]
[EventDate "2021.09.02"]
[EventType "team"]

1. d4 Nf6 2. c4 e6 3. g3 d5 4. Bg2 dxc4 5. Nf3 Bd7 6. O-O Bc6 7. Bg5 Nbd7 8.
Nbd2 Be7 9. Nxc4 Bd5 10. Rc1 O-O 11. a3 c5 12. Ne3 Bc6 13. dxc5 Nxc5 14. Ne5
Bxg2 15. Kxg2 Rc8 16. Qxd8 Rfxd8 1/2-1/2

[Event "Online Olym Div2 D 2021"]
[Site "chess.com INT"]
[Date "2021.09.02"]
[Round "1.2"]
[Board "3"]
[White "Janzelj, Lara"]
[Black "Alboredo, Julia"]
[Result "0-1"]
[WhiteTitle "WIM"]
[BlackTitle "WFM"]
[WhiteElo "2186"]
[BlackElo "2183"]
[WhiteTeam "Slovenia"]
[BlackTeam "Brazil"]
[WhiteFideId "14608391"]
[BlackFideId "2124807"]
[EventDate "2021.09.02"]
[EventType "team"]

1. c4 e5 2. g3 Nf6 3. Nc3 d5 4. cxd5 Nxd5 5. Bg2 Nb6 6. Nf3 Nc6 7. O-O Be7 8. d3
O-O 9. Rb1 Re8 10. a3 Bf8 11. Bg5 f6 12. Bd2 Be6 13. b4 a5 14. b5 Nd4 15. a4 Qd7
16. Re1 Bf7 17. Nh4 Ra7 18. Qc1 Bb4 19. Ne4 Bxd2 20. Qxd2 Nxa4 21. Nc3 Nxc3 22.
Qxc3 a4 23. e3 Ne6 24. Rec1 a3 25. Ra1 a2 26. Nf5 Qxb5 27. d4 exd4 28. Nxd4 Nxd4
29. Qxd4 Ra4 30. Qd2 Rc4 31. h4 Rxc1+ 32. Qxc1 c6 33. Bf1 Qb4 34. Bd3 Re5 35.
Qc2 g6 36. Rxa2 Bxa2 37. Qxa2+ Kg7 38. Qa8 Re7 39. Qd8 Rf7 40. h5 Qe7 41. Qb6
Qd7 42. hxg6 hxg6 43. Qb1 Qg4 44. Kg2 Qg5 45. Bc4 Re7 46. Qd1 Qc5 47. Qd8 Qxc4
48. Qxe7+ Qf7 49. Qb4 Qd5+ 50. e4 Qd7 51. Qb6 Qe7 52. Qd4 b5 53. f4 c5 54. Qd5
b4 55. Kf3 Qc7 56. g4 c4 57. g5 fxg5 58. Qd4+ Kg8 59. Qd5+ Qf7 60. Qxg5 c3 61.
Qd8+ Kg7 62. Qd4+ Kh7 63. Qxb4 Qc7 64. f5 c2 65. fxg6+ Kxg6 66. e5 Qc6+ 67. Kg3
c1=Q 0-1

[Event "Online Olym Div2 D 2021"]
[Site "chess.com INT"]
[Date "2021.09.02"]
[Round "1.2"]
[Board "4"]
[White "Librelato, Kathie Goulart"]
[Black "Vidic, Teja"]
[Result "1-0"]
[WhiteTitle "WIM"]
[BlackTitle "WIM"]
[WhiteElo "2165"]
[BlackElo "2172"]
[WhiteTeam "Brazil"]
[BlackTeam "Slovenia"]
[WhiteFideId "2153963"]
[BlackFideId "14605511"]
[EventDate "2021.09.02"]
[EventType "team"]

1. e4 e5 2. Nf3 Nc6 3. Bb5 a6 4. Ba4 b5 5. Bb3 g6 6. d4 exd4 7. O-O Bg7 8. c3
Nge7 9. Bg5 h6 10. Bf4 O-O 11. Qd2 Kh7 12. cxd4 d6 13. h3 f5 14. Re1 fxe4 15.
Rxe4 Nf5 16. Nc3 Bb7 17. d5 Na5 18. Bc2 Nc4 19. Qe2 Nxb2 20. Qe1 Qf6 21. g4 Nh4
22. Nxh4 Qxh4 23. Bg3 Qf6 24. Re7 Qxc3 25. Qxc3 1-0

[Event "Online Olym Div2 D 2021"]
[Site "chess.com INT"]
[Date "2021.09.02"]
[Round "1.2"]
[Board "5"]
[White "Tisaj, Domen"]
[Black "Labussiere, Victor"]
[Result "1/2-1/2"]
[WhiteTitle "FM"]
[BlackTitle "FM"]
[WhiteElo "2357"]
[BlackElo "2291"]
[WhiteTeam "Slovenia"]
[BlackTeam "Brazil"]
[WhiteFideId "14628708"]
[BlackFideId "2183129"]
[EventDate "2021.09.02"]
[EventType "team"]

1. Nf3 d5 2. d4 Nf6 3. c4 e6 4. g3 Bb4+ 5. Nbd2 O-O 6. Bg2 c6 7. O-O b6 8. a3
Be7 9. b4 a5 10. Rb1 axb4 11. axb4 Nbd7 12. Qc2 Ba6 13. Rd1 Qb8 14. e3 Rc8 15.
Bf1 h6 16. e4 Qc7 17. e5 Ne8 18. Bd3 Qd8 19. c5 Bxd3 20. Qxd3 Nc7 21. Nb3 Nb5
22. cxb6 Nxb6 23. Na5 Qd7 24. Bd2 Nc4 25. Be1 Nba3 26. Rb3 Nxa5 27. bxa5 Nc4 28.
Ra1 Ra6 29. Nd2 Rxa5 30. Rab1 Nxd2 31. Bxd2 Ra7 32. Rb8 Ra8 33. R1b7 Qe8 34.
Rxc8 Rxc8 35. Qa6 Bf8 36. Be3 c5 37. dxc5 Bxc5 38. Bxc5 Rxc5 39. Qa7 Rc8 40. Re7
Qb5 41. Rxf7 Rc1+ 42. Kg2 Qf1+ 43. Kf3 Qd1+ 44. Kg2 Qf1+ 45. Kf3 Qh1+ 46. Kg4
Qe4+ 47. Rf4 Qxe5 48. Qf7+ Kh7 49. h4 Rc4 50. h5 Rxf4+ 51. gxf4 Qf6 52. Qe8 Qf5+
53. Kg3 d4 54. Qd7 Qe4 55. f3 Qe1+ 56. Kg2 Qd2+ 57. Kg3 Qe1+ 58. Kg2 Qe2+ 59.
Kg3 d3 60. Qe8 Qe1+ 61. Kg2 Qd2+ 62. Kg3 Qb4 63. Qg6+ Kg8 64. Qxe6+ Kh8 65. Qe8+
Kh7 66. Qg6+ Kh8 67. Qxd3 Qe1+ 68. Kg2 Qh4 69. Qf5 Qe1 70. Qf8+ Kh7 71. Qf5+ Kh8
72. Qc8+ Kh7 73. Qc2+ Kh8 74. f5 Qe5 75. Qc8+ Kh7 76. Qe6 Qf4 77. Qg6+ Kh8 78.
Qe8+ Kh7 79. Qg6+ Kh8 80. Qg4 Qd2+ 81. Kh3 Qc1 82. Kh2 Qc2+ 83. Kg3 Qc1 84. f6
gxf6 85. Qf5 Qg1+ 86. Kh3 Qh1+ 87. Kg3 Qg1+ 88. Kh3 Qh1+ 89. Kg3 Qg1+ 1/2-1/2

[Event "Online Olym Div2 D 2021"]
[Site "chess.com INT"]
[Date "2021.09.02"]
[Round "1.2"]
[Board "6"]
[White "De Freitas, Isabella Ribeiro Conti"]
[Black "Urh, Zala"]
[Result "1/2-1/2"]
[BlackTitle "WIM"]
[WhiteElo "1909"]
[BlackElo "2234"]
[WhiteTeam "Brazil"]
[BlackTeam "Slovenia"]
[WhiteFideId "2173328"]
[BlackFideId "14611481"]
[EventDate "2021.09.02"]
[EventType "team"]

1. c4 e5 2. g3 Nf6 3. Bg2 c6 4. Nf3 e4 5. Nd4 Qb6 6. Nb3 a5 7. a4 d5 8. cxd5
cxd5 9. O-O Nc6 10. d3 Be6 11. Na3 Be7 12. Nb5 Rd8 13. Bf4 Rd7 14. Rc1 O-O 15.
Qc2 Nh5 16. Bd2 exd3 17. Qxd3 Nb4 18. Bxb4 Bxb4 19. N3d4 Nf6 20. Rc2 Re7 21. h3
Rfe8 22. Rfc1 h6 23. e3 Rd8 24. Rc7 Rxc7 25. Rxc7 Bd6 26. Rc2 Bd7 27. Nxd6 Qxd6
28. b3 b6 29. Nb5 Qe5 30. Nd4 Re8 31. Qa6 Qb8 32. Nc6 Bxc6 33. Rxc6 Ne4 34. Qxb6
Qe5 35. Qd4 Qf5 36. Bxe4 Rxe4 37. Qd1 Re5 38. Kg2 Qe4+ 39. Qf3 Qd3 40. Rc8+ Kh7
41. Qxf7 Qe4+ 42. Qf3 Qd3 43. Rf8 Qxb3 44. Qf4 Rg5 45. Rf5 Rxf5 46. Qxf5+ Kh8
47. Qf8+ Kh7 48. Qf5+ Kh8 49. Qc8+ Kh7 50. Qd7 Qc4 51. Qb5 Qe4+ 52. Kg1 d4 53.
exd4 Qxd4 54. Qxa5 Qd1+ 55. Kg2 Qd3 56. Qb5 Qe4+ 57. Kg1 Qe1+ 58. Qf1 Qb4 59.
Qd3+ Kh8 60. Qd1 Qa5 61. Kg2 Kh7 62. Qd3+ Kh8 63. Qb5 Qa8+ 64. Kf1 Qh1+ 65. Ke2
Qe4+ 66. Kd2 Qd4+ 67. Ke1 Qe4+ 68. Kd1 Qd4+ 69. Ke1 Qe4+ 70. Kd2 Qd4+ 71. Kc1
Qc3+ 72. Kd1 Qd4+ 73. Kc1 Qc3+ 74. Kb1 Qe1+ 75. Ka2 Qxf2+ 76. Qb2 Qxg3 77. a5
Qd6 78. Qb6 Qd2+ 79. Ka3 Qc3+ 80. Ka4 Qc4+ 81. Qb4 Qc6+ 82. Qb5 Qc2+ 83. Qb3
Qc6+ 84. Qb5 Qc2+ 85. Kb4 Qe4+ 86. Qc4 Qb7+ 87. Qb5 Qe7+ 88. Ka4 Qe4+ 89. Qb4
Qc6+ 90. Qb5 1/2-1/2

[Event "Online Olym Div2 D 2021"]
[Site "chess.com INT"]
[Date "2021.09.02"]
[Round "1.3"]
[Board "1"]
[White "Silva, David"]
[Black "Cawdery, Daniel"]
[Result "1-0"]
[WhiteTitle "IM"]
[BlackTitle "IM"]
[WhiteElo "2312"]
[BlackElo "2419"]
[WhiteTeam "Angola"]
[BlackTeam "South Africa"]
[WhiteFideId "10101314"]
[BlackFideId "14300249"]
[EventDate "2021.09.02"]
[EventType "team"]

1. e4 c5 2. Nf3 Nc6 3. Bb5 g6 4. Bxc6 bxc6 5. O-O Bg7 6. Re1 Nh6 7. c3 O-O 8. d4
cxd4 9. cxd4 d5 10. exd5 cxd5 11. h3 Nf5 12. Nc3 e6 13. Bg5 Qb6 14. Na4 Qa5 15.
a3 h6 16. Bf4 Ba6 17. b4 Qd8 18. Nc5 Bc4 19. Be5 Nh4 20. Nh2 Qg5 21. g3 Nf5 22.
Nf3 Qe7 23. Bxg7 Kxg7 24. Qd2 Rfd8 25. Ne5 Rac8 26. Rac1 Bb5 27. Rc3 Nd6 28. Rf3
Be8 29. Qf4 Qg5 30. Nxe6+ fxe6 31. Qf8+ Kh7 32. h4 Bb5 33. Rf7+ Nxf7 34. Qxf7+ 1-0

[Event "Online Olym Div2 D 2021"]
[Site "chess.com INT"]
[Date "2021.09.02"]
[Round "1.3"]
[Board "2"]
[White "Masiya, Mfundo"]
[Black "Miguel, Sergio"]
[Result "1-0"]
[BlackTitle "FM"]
[WhiteElo "1944"]
[BlackElo "2297"]
[WhiteTeam "South Africa"]
[BlackTeam "Angola"]
[WhiteFideId "14321114"]
[BlackFideId "10100792"]
[EventDate "2021.09.02"]
[EventType "team"]

1. e4 e5 2. Nf3 Nc6 3. d4 exd4 4. Nxd4 Bc5 5. Nxc6 Qf6 6. Qf3 dxc6 7. Nd2 Be6 8.
Nb3 Bb6 9. Bd2 O-O-O 10. Bc3 Qg6 11. Bd3 Ne7 12. h3 f6 13. O-O-O Qf7 14. Qg3 Qg6
15. Qf3 h5 16. Be2 h4 17. Rxd8+ Rxd8 18. Rd1 Rxd1+ 19. Bxd1 c5 20. a4 a6 21. a5
Ba7 22. Qh5 Qxh5 23. Bxh5 Nc6 24. f4 c4 25. Nd2 Be3 26. f5 Bg8 27. Kd1 b5 28.
axb6 cxb6 29. Nf3 Bf2 30. Be1 Bxe1 31. Kxe1 b5 32. Nxh4 a5 33. Kd2 b4 34. Nf3 a4
35. Kc1 Kc7 36. c3 Kd6 37. Be8 bxc3 38. bxc3 a3 39. Bxc6 Kxc6 40. Kb1 Kd6 41.
Ka2 Bf7 42. Kxa3 Be8 43. Kb4 Bc6 44. Nd2 Ke5 45. g4 Kf4 46. Kxc4 Kg3 47. Kc5 Ba8
48. e5 fxe5 49. g5 e4 50. f6 e3 51. Nf1+ 1-0

[Event "Online Olym Div2 D 2021"]
[Site "chess.com INT"]
[Date "2021.09.02"]
[Round "1.3"]
[Board "3"]
[White "Caxita, Esperanca"]
[Black "February, Jesse Nikki"]
[Result "1-0"]
[WhiteTitle "WIM"]
[BlackTitle "WIM"]
[WhiteElo "1865"]
[BlackElo "1857"]
[WhiteTeam "Angola"]
[BlackTeam "South Africa"]
[WhiteFideId "10100903"]
[BlackFideId "14312336"]
[EventDate "2021.09.02"]
[EventType "team"]

1. e4 c5 2. c3 Nf6 3. Bd3 Nc6 4. Nf3 d5 5. exd5 Qxd5 6. Bc2 Bg4 7. d3 Ne5 8.
Nbd2 Nxd3+ 9. Bxd3 Qxd3 10. Qa4+ Bd7 11. Qb3 Qd5 12. O-O Qxb3 13. axb3 e6 14.
Re1 Bd6 15. Nc4 Bc7 16. Nfe5 b5 17. Na3 Rb8 18. Bf4 O-O 19. Nxd7 Bxf4 20. Nxf8
Kxf8 21. Nc2 Rb7 22. Ra6 Ke7 23. Rea1 Bb8 24. b4 Rc7 25. R6a5 Ng4 26. Rxb5 Rc8
27. h3 Ne5 28. bxc5 Nd3 29. c6 e5 30. c7 Bxc7 31. Rxa7 Ke6 32. Ne3 Bd6 33. Ra6
Nc5 34. Rab6 Na4 35. Ra6 Nc5 36. Ra7 Nd3 37. c4 Nf4 38. Ra6 Nd3 39. b4 Kd7 40.
c5 Bf8 41. Rb7+ Ke8 42. Nc4 Rd8 43. Nd6+ Bxd6 44. Rxd6 Rxd6 45. cxd6 Nf4 46. Kf1
Ne6 47. Re7+ Kf8 48. b5 Nd8 49. b6 f6 50. b7 Nxb7 51. Rxb7 Ke8 52. Ke2 g5 53.
Rxh7 f5 54. f3 f4 55. Kd3 Kd8 56. Ke4 1-0

[Event "Online Olym Div2 D 2021"]
[Site "chess.com INT"]
[Date "2021.09.02"]
[Round "1.3"]
[Board "4"]
[White "Laubscher, Anzel"]
[Black "Junior, Ednasia"]
[Result "1-0"]
[WhiteTitle "WIM"]
[BlackTitle "WFM"]
[WhiteElo "1699"]
[BlackElo "1867"]
[WhiteTeam "South Africa"]
[BlackTeam "Angola"]
[WhiteFideId "14300800"]
[BlackFideId "10105980"]
[EventDate "2021.09.02"]
[EventType "team"]

1. d4 Nf6 2. c4 g6 3. Nc3 Bg7 4. e4 d6 5. Nf3 O-O 6. Be2 Nbd7 7. O-O e5 8. d5 h6
9. Be3 Ng4 10. Bd2 f5 11. exf5 gxf5 12. h3 Ngf6 13. Nh4 Nh7 14. g3 a5 15. Qc1
Qf6 16. Nb5 c6 17. Nc7 Ra7 18. Ne6 Rf7 19. Bh5 Re7 20. Ng6 Rf7 21. Bxh6 Bxh6 22.
Qxh6 Ndf8 23. Nexf8 Nxf8 24. Ne7+ Qxe7 25. Bxf7+ Qxf7 26. Qxd6 Ra6 27. Qxe5 cxd5
28. cxd5 Rh6 29. Rac1 Bd7 30. Rc7 Rh7 31. h4 Ng6 32. Qd6 Nxh4 33. gxh4 Rxh4 34.
Rxd7 Rg4+ 35. Kh1 Qh5+ 36. Qh2 Rh4 37. Rg1+ Kf8 38. Rg2 Qd1+ 39. Rg1 Rxh2+ 40.
Kxh2 Qh5+ 41. Kg2 Qg4+ 42. Kf1 Qd1+ 43. Kg2 Qg4+ 44. Kf1 Qc4+ 45. Kg2 Qxa2 46.
Rh1 Qxb2 47. Rhh7 Ke8 48. Rxb7 Qe5 49. Rh8+ Qxh8 50. Rb8+ Kd7 51. Rxh8 Kd6 52.
Ra8 Kxd5 53. Rxa5+ Ke4 54. Kg3 f4+ 55. Kg4 f3 56. Rf5 1-0

[Event "Online Olym Div2 D 2021"]
[Site "chess.com INT"]
[Date "2021.09.02"]
[Round "1.3"]
[Board "5"]
[White "Junior, Domingos"]
[Black "Khumalo, Keith"]
[Result "1-0"]
[WhiteTitle "FM"]
[BlackTitle "CM"]
[WhiteElo "2118"]
[BlackElo "2108"]
[WhiteTeam "Angola"]
[BlackTeam "South Africa"]
[WhiteFideId "10105972"]
[BlackFideId "14319470"]
[EventDate "2021.09.02"]
[EventType "team"]

1. e4 c5 2. Nf3 e6 3. d4 cxd4 4. Nxd4 a6 5. c4 Nf6 6. Bd3 Qc7 7. Nc2 Nc6 8. f4
d6 9. Nc3 Be7 10. Be3 O-O 11. Qe2 Nd7 12. O-O-O Qa5 13. Nd4 Nc5 14. Bb1 Bf6 15.
e5 Nxd4 16. Bxd4 dxe5 17. fxe5 Bg5+ 18. Be3 Bxe3+ 19. Qxe3 g6 20. h4 Nd7 21.
Rde1 Qc5 22. Qf4 f6 23. Qh6 Nxe5 24. h5 Nf7 25. Qf4 Qg5 26. Qxg5 Nxg5 27. hxg6
hxg6 28. Bxg6 Kg7 29. Bc2 f5 30. Na4 Bd7 31. Nc5 Rf7 32. Nxb7 Bc6 33. Nd6 Rd7
34. c5 Rh8 35. Rxh8 Kxh8 36. b4 Kg7 37. a4 Kf6 38. Re2 Bd5 39. Kb2 Nf7 40. Nxf7
Rxf7 41. Bb3 Rb7 42. Bxd5 exd5 43. Kc3 f4 44. Re8 Kf5 45. c6 Rb6 46. Rc8 Ke4 47.
a5 Rb5 48. c7 1-0

[Event "Online Olym Div2 D 2021"]
[Site "chess.com INT"]
[Date "2021.09.02"]
[Round "1.3"]
[Board "6"]
[White "Marais, Nina"]
[Black "Antonio, Renelsa Taiane"]
[Result "1-0"]
[WhiteTitle "WCM"]
[WhiteElo "1697"]
[BlackElo "1375"]
[WhiteTeam "South Africa"]
[BlackTeam "Angola"]
[WhiteFideId "14306883"]
[BlackFideId "10107860"]
[EventDate "2021.09.02"]
[EventType "team"]

1. d4 d5 2. c4 e6 3. cxd5 exd5 4. Nc3 Nf6 5. Bg5 Be7 6. Qc2 O-O 7. e3 h6 8. Bh4
Nc6 9. Nf3 Bg4 10. Nd2 Bh5 11. a3 Bg6 12. Bd3 Bxd3 13. Qxd3 a6 14. O-O Rb8 15.
Rac1 Re8 16. b4 Nh7 17. Bxe7 Rxe7 18. Qf5 Nf6 19. Ne2 Re8 20. Nf4 Ne7 21. Qb1 c6
22. a4 Qd7 23. Rc5 Nc8 24. b5 axb5 25. axb5 cxb5 26. Rxb5 g5 27. Nd3 b6 28. Ne5
Qe6 29. Rc1 Na7 30. Rb4 b5 31. Rc7 Re7 32. Rxe7 Qxe7 33. h3 Ne4 34. Ndf3 Nc3 35.
Qb2 Ne4 36. Rb3 Kg7 37. Ra3 b4 38. Rb3 f6 39. Nd3 Nc6 40. Nd2 Nxd2 41. Qxd2 Qd6
42. Nc5 Ra8 43. g3 Ra1+ 44. Kg2 Ra8 45. Nd3 Rb8 46. Qa2 Qd7 47. Nc5 Qd6 48. Qa6
Kg6 49. Qd3+ Kg7 50. Qf5 Re8 51. Qb1 Re7 52. Nd3 Rb7 53. Ne1 Na5 54. Rb2 b3 55.
Nf3 Qb6 56. h4 Nc4 57. Re2 Qb5 58. hxg5 fxg5 59. Re1 b2 60. e4 Na3 61. Qa2 b1=Q
62. Rxb1 Nxb1 63. Ne5 dxe4 64. Qe6 Qb6 65. Qf5 Nd2 66. Nd7 Rxd7 67. Qxd7+ Kg6
68. d5 e3 69. Qe8+ Kg7 70. Qe7+ Kg6 71. Qe8+ Kf5 72. Qf7+ Ke5 73. f4+ gxf4 74.
gxf4+ Kd4 75. Qe6 Kc3 76. Qxb6 e2 77. Kf2 Nc4 78. Qc6 1-0

[Event "Online Olym Div2 D 2021"]
[Site "chess.com INT"]
[Date "2021.09.02"]
[Round "1.4"]
[Board "1"]
[White "Martinez Reyes, Pedro Ramon"]
[Black "Ouaret, Abdelouhab"]
[Result "1-0"]
[WhiteTitle "FM"]
[BlackTitle "IM"]
[WhiteElo "2404"]
[BlackElo "2085"]
[WhiteTeam "Venezuela"]
[BlackTeam "Algeria"]
[WhiteFideId "3901807"]
[BlackFideId "7903944"]
[EventDate "2021.09.02"]
[EventType "team"]

1. e4 e5 2. Nf3 Nc6 3. Bb5 a6 4. Ba4 Nf6 5. Bxc6 dxc6 6. d3 Bd6 7. Nbd2 Be6 8.
b3 O-O 9. Bb2 Nd7 10. O-O f6 11. Nh4 Nb6 12. Qf3 Qd7 13. Nf5 Bxf5 14. exf5 Nd5
15. Ne4 Qf7 16. a3 g6 17. g3 Kg7 18. c4 gxf5 19. Nxd6 cxd6 20. cxd5 cxd5 21.
Qxf5 h5 22. Rac1 h4 23. Qg4+ Kh8 24. Qxh4+ 1-0

[Event "Online Olym Div2 D 2021"]
[Site "chess.com INT"]
[Date "2021.09.02"]
[Round "1.4"]
[Board "2"]
[White "Achour, Mohamed Anis"]
[Black "Vivas Zamora, Fabian Ernesto"]
[Result "0-1"]
[BlackTitle "FM"]
[WhiteElo "2006"]
[BlackElo "2344"]
[WhiteTeam "Algeria"]
[BlackTeam "Venezuela"]
[WhiteFideId "7904649"]
[BlackFideId "3902480"]
[EventDate "2021.09.02"]
[EventType "team"]

1. d4 Nf6 2. Nf3 g6 3. g3 Bg7 4. Bg2 d5 5. O-O O-O 6. b3 Bf5 7. Bb2 Qc8 8. Nbd2
Bh3 9. c4 Bxg2 10. Kxg2 Rd8 11. Qc2 Na6 12. Rac1 c5 13. e3 cxd4 14. Bxd4 Qe6 15.
Rfd1 Rac8 16. Qb1 b6 17. cxd5 Nxd5 18. Rxc8 Qxc8 19. Rc1 Qb7 20. Bxg7 Kxg7 21.
Qb2+ f6 22. a3 Nc5 23. Qd4 e5 24. Qc4 Nxe3+ 25. fxe3 Rxd2+ 26. Kh3 Qxf3 27. b4
Qg2+ 28. Kh4 Qxh2+ 0-1